00718nam a2200193 4500001000700000003000900007005001700016007000300033008004100036100002900077245006400106260004000170300002200210500007000232710004900302852003200351999001900383952012200402144823ES-MaACL20230906201115.0t|070214s1965 po r ||||1| por d1 aSletsjoee, Leif.910678110aO elemento cénico em Gil Vicente / cpor Leif Sletsjöe. aLisboa : bCasa Portuguesa, c1965. a158 p. ; c21 cm. aPrecede al tít.: Instituto Ibero-Americano, Gotemburgo, Suecia.2 aInstituto Ibero-Americano (Göteborg)95089 aES-MaACLjC-29707 bR.59931 c144823d144823 00104070aATENEOMbATENEOMcDEPO2d2008-01-17eSCl0oC-29707p1151075r2023-02-23 00:00:00w2023-02-23yMONOGRAFIA